<?xml version="1.0" encoding="UTF-8"?><?xml-stylesheet type="text/xsl" href="static/style.xsl"?><OAI-PMH xmlns="http://www.openarchives.org/OAI/2.0/" xmlns:xsi="http://www.w3.org/2001/XMLSchema-instance" xsi:schemaLocation="http://www.openarchives.org/OAI/2.0/ http://www.openarchives.org/OAI/2.0/OAI-PMH.xsd"><responseDate>2026-06-03T23:14:48Z</responseDate><request verb="GetRecord" identifier="oai:riubu.ubu.es:10259/11774" metadataPrefix="marc">https://riubu.ubu.es/oai/request</request><GetRecord><record><header><identifier>oai:riubu.ubu.es:10259/11774</identifier><datestamp>2026-06-02T06:38:57Z</datestamp><setSpec>com_10259_6168</setSpec><setSpec>com_10259_5086</setSpec><setSpec>com_10259_2604</setSpec><setSpec>col_10259_6169</setSpec></header><metadata><record xmlns="http://www.loc.gov/MARC21/slim" xmlns:doc="http://www.lyncode.com/xoai" xmlns:xsi="http://www.w3.org/2001/XMLSchema-instance" xmlns:dcterms="http://purl.org/dc/terms/" xsi:schemaLocation="http://www.loc.gov/MARC21/slim http://www.loc.gov/standards/marcxml/schema/MARC21slim.xsd">
<leader>00925njm 22002777a 4500</leader>
<datafield tag="042" ind1=" " ind2=" ">
<subfield code="a">dc</subfield>
</datafield>
<datafield tag="720" ind1=" " ind2=" ">
<subfield code="a">Sharma, Aparna</subfield>
<subfield code="e">author</subfield>
</datafield>
<datafield tag="720" ind1=" " ind2=" ">
<subfield code="a">Gurung, Anup</subfield>
<subfield code="e">author</subfield>
</datafield>
<datafield tag="720" ind1=" " ind2=" ">
<subfield code="a">Mehdi, Syed Ejaz Hussain</subfield>
<subfield code="e">author</subfield>
</datafield>
<datafield tag="720" ind1=" " ind2=" ">
<subfield code="a">Shahzad, Suleman</subfield>
<subfield code="e">author</subfield>
</datafield>
<datafield tag="720" ind1=" " ind2=" ">
<subfield code="a">Hussain, Fida</subfield>
<subfield code="e">author</subfield>
</datafield>
<datafield tag="720" ind1=" " ind2=" ">
<subfield code="a">Kang, Woochang</subfield>
<subfield code="e">author</subfield>
</datafield>
<datafield tag="720" ind1=" " ind2=" ">
<subfield code="a">Pandey, Sandesh</subfield>
<subfield code="e">author</subfield>
</datafield>
<datafield tag="720" ind1=" " ind2=" ">
<subfield code="a">Khan, Aqib Hassan Ali</subfield>
<subfield code="e">author</subfield>
</datafield>
<datafield tag="720" ind1=" " ind2=" ">
<subfield code="a">Oh, Sang-Eun</subfield>
<subfield code="e">author</subfield>
</datafield>
<datafield tag="260" ind1=" " ind2=" ">
<subfield code="c">2025-03</subfield>
</datafield>
<datafield tag="520" ind1=" " ind2=" ">
<subfield code="a">Waste streams, leachates, and wastewater often contain high-strength ammonia, which can be challenging to manage. Microbial fuel cells (MFCs) offer a promising solution for treating such a nuisance of high-strength ammonia. However, optimizing MFC operating conditions, at lower technology readiness levels, is crucial to achieve a sustainable and economically viable application. This study investigates the factors affecting ammonia nitrogen removal in MFCs. MFCs with a cation exchange membrane (CEM) exhibit a higher diffusion rate of ammonium ions from the anode to the cathode compared to those with a proton exchange membrane (PEM). In close circuit mode (CCM), MFCs with a Pt-coated cathode electrode achieved an ammonium removal efficiency of 96% in the cathode chamber. Moreover, a plain carbon cathode electrode yielded an 87.1% removal efficiency. These results indicate that the combination of a catalyst (Pt) and oxygen in the cathode chamber can effectively remove or recover ammonia nitrogen from wastewater. Simultaneously, the removal of ammonia nitrogen in a microbial electrolysis cell (MEC) was studied. At an applied potential of 1.0 V, an ammonium removal efficiency of 87.5% was achieved. It was concluded that ammonium losses in MFCs can occur through electron migration, volatilization, and biological processes such as nitrification and denitrification</subfield>
</datafield>
<datafield tag="024" ind2=" " ind1="8">
<subfield code="a">https://hdl.handle.net/10259/11774</subfield>
</datafield>
<datafield tag="024" ind2=" " ind1="8">
<subfield code="a">10.3390/su17062543</subfield>
</datafield>
<datafield tag="024" ind2=" " ind1="8">
<subfield code="a">2071-1050</subfield>
</datafield>
<datafield ind1=" " ind2=" " tag="653">
<subfield code="a">Ammonium</subfield>
</datafield>
<datafield ind1=" " ind2=" " tag="653">
<subfield code="a">Diffusion</subfield>
</datafield>
<datafield ind1=" " ind2=" " tag="653">
<subfield code="a">Microbial fuel cells</subfield>
</datafield>
<datafield ind1=" " ind2=" " tag="653">
<subfield code="a">Microbial electrolysis cells</subfield>
</datafield>
<datafield ind1=" " ind2=" " tag="653">
<subfield code="a">Nitrogen removal</subfield>
</datafield>
<datafield ind1=" " ind2=" " tag="653">
<subfield code="a">Power generation</subfield>
</datafield>
<datafield ind1=" " ind2=" " tag="653">
<subfield code="a">Wastewater</subfield>
</datafield>
<datafield tag="245" ind1="0" ind2="0">
<subfield code="a">Optimizing Physical Factors for the Ammonium Removal from Wastewater Using Bio-Electrochemical Systems</subfield>
</datafield>
</record></metadata></record></GetRecord></OAI-PMH>